| 000 | 01186nam a2200205Ia 4500 | ||
|---|---|---|---|
| 999 |
_c20757 _d20757 |
||
| 003 | OSt | ||
| 005 | 20210915121957.0 | ||
| 008 | 160316s2003 xxu||||| |||| 00| 0 eng d | ||
| 040 | _c. | ||
| 082 |
_a338.9 PAR _bPAR |
||
| 100 | _aParthasarthy G | ||
| 245 | _aEconomic reforms and rural development in India | ||
| 260 |
_aNew Delhi _bAcademic Foundation _c2003 |
||
| 300 | _a288p | ||
| 365 | _bRs.595 | ||
| 505 | _aContents; Introduction; Prof G. Nancharaiah ; 1.Strctural Adjustment and Rural Development : A Survey of Recent Literature ; 2. Social Security and Structural Adjustment. ; 3.Safety Nets for Vulnerable Sections 4. New Economic Policy And Rural Employment. 5. Agricultural Exports (in the Context of Liberalisation and Globalisation of Agricultural Trade) 6. Rural Poverty AND Economic Reforms; opportunities and Constraints; 7. Employment and Unemployment of Youth; 8. Unorganised Sector and Public Policy | ||
| 650 | _a1. Rural Development - India2. Economic Reforms - India - Impact3. New Economic Policy - Impact4. Economic Development - India 5. Liberal Economic Policy - Impact -Rural Development - India | ||
| 700 |
_a _a |
||
| 942 |
_2ddc _cBK |
||